| 000 | 00914nam a2200229 a 4500 | ||
|---|---|---|---|
| 001 | 65298 | ||
| 003 | BD-RjUL | ||
| 005 | 20211209081416.0 | ||
| 008 | 170304s1962 ii |||| ||| 000 0 ben d | ||
| 020 | _c: IRs.03.00 | ||
| 035 | _a(BD-RjUL)65428 | ||
| 040 |
_aBD-RjUL _bben _cBD-RjUL _dBD-RjUL |
||
| 041 | _aben | ||
| 082 |
_223 _a891.4414 _bCOR 1962 |
||
| 100 | 1 |
_a চৌধুরী, শ্রীজ্যোতিরিন্দ্র নাথ _9193274 |
|
| 245 | 1 | 0 |
_aরবীন্দ্র মানস / _cশ্রীজ্যোতিরিন্দ্র নাথ চৌধুরী |
| 260 |
_aকলিকাতা : _bজেনারেল প্রিন্টার্স, _c১৯৬২ |
||
| 300 |
_a১৬৫ পৃ. ; _c২১ সেমি. |
||
| 650 |
_aবাংলাসাহিত্য _9136999 _xজ়ীবনী |
||
| 650 |
_aBengali Literature _9122720 _xBiography |
||
| 942 |
_2ddc _cBK |
||
| 999 |
_c65298 _d65298 |
||